000 00630nam a2200193 a 4500
005 20140412111222.0
008 010327s19uu xx 00 eng d
020 _a0-8389-3362-9
050 _aM 025.32
_bG67 1989
100 _aGorman, Michael
245 _aThe concise AACR2 :
_b1988 revision /
_cprepared by Michael Gorman.
260 _aIllinois :
_bAmerican Library Association,
_c1989.
300 _a161 p.
500 _aIncludes index.
650 _aAnglo-American cataloging rules.
650 _aDescriptive cataloging - Rules
650 _aAnglo-American cataloguing rules (2nd ed., 1988 revision)
999 _c101941
_d101941